000 00423nam a22001577a 4500
005 20251108164358.0
008 250721s1992 xx 000 0 ara d
082 1 4 _a811.03/يحي
100 1 _aشامي، يحيى
245 1 0 _aأروع ما قيل في الرثاء /
264 1 _aبيروت :
_bدار الفكر،
_c1992.
300 _a152 ص
650 1 7 _aشعر الرثاء
942 _2ddc
_cBK
999 _c10711
_d10711